Última palabra en canciones de Julieta Venegas - Estadísticas

Estadísticas generales
  • Esta prueba ha sido intentada 49 veces
  • La puntuación promedio es 12 de 15
Estadísticas de respuestas
Hint Respuesta % Correcto
Bien o Mal
100%
Limon y Sal
100%
Eres para
98%
Te Vi
98%
De mis Pasos
95%
Me Voy
95%
Canciones de Amor
93%
Tuve para Dar
90%
Nada Importante
88%
Algo esta Cambiando
85%
Andar Conmigo
78%
Dulce Compañia
68%
Tu Calor
43%
Ese Camino
40%
Primer Dia
35%
No se encontraron pruebas coincidentes
Distribución de puntuación
Porcentaje de gente con cada puntuación
Porcentaje por número respondido
Historial de tus puntuaciones
No has intentado esta prueba.